[Event "Irish Championship 2019"]
[Site "Dublin IRL"]
[Date "2019.08.05"]
[Round "3.13"]
[White "Murphy, Sean J."]
[Black "O'Gorman, Tom"]
[Result "1/2-1/2"]
[BlackTitle "FM"]
[WhiteElo "1875"]
[BlackElo "2229"]
[WhiteICU "1939"]
[BlackICU "2208"]
[WhiteClub "Cork"]
[BlackClub "Dun Laoghaire"]
[WhiteNationality "IRL"]
[BlackNationality "IRL"]
[WhiteFideId "2512742"]
[BlackFideId "2508249"]
[PlyCount "95"]
[Venue "Talbot Hotel, Stillorgan"]
[EventDate "2019.08.03"]
[WhiteFullName "Murphy, Se&aacute;n J."]

{ Event information: <a
href="http://www.irlchess.com/pairings_irlch2019.html">Tournament
report</a>. }

1. Nf3 Nf6 2. g3 g6 3. Bg2 Bg7 4. O-O O-O 5. d4 d6 6. c4 Nc6 7. Nc3 a6 8.
h3 Bd7 9. e4 e5 10. dxe5 Nxe5 11. Nxe5 dxe5 12. c5 Be6 13. Qe2 c6 14. Be3
Qa5 15. Rac1 Nd7 16. g4 Nxc5 17. b4 Qxb4 18. Nd5 cxd5 19. Bxc5 Qa5 20. exd5
Rfc8 21. dxe6 Rxc5 22. exf7+ Kxf7 23. Qf3+ Kg8 24. Qxb7 Rf8 25. Rxc5 Qxc5
26. Qxa6 Bf6 27. Qe6+ Kh8 28. Qd5 Qxd5 29. Bxd5 Rd8 30. Be4 Rd2 31. Ra1 Bh4
32. f3 Bf2+ 33. Kf1 Bd4 34. Rb1 Rf2+ 35. Ke1 Rxa2 36. Rb8+ Kg7 37. Rb7+ Kh6
38. Bd5 Rh2 39. Bg8 Kg5 40. Bxh7 Rxh3 41. Ke2 e4 42. fxe4 Re3+ 43. Kd2 Rxe4
44. Kd3 Rxg4 45. Rb4 Kh6 46. Bxg6 Kxg6 47. Rxd4 Rxd4+ 48. Kxd4 1/2-1/2

[Event "Irish Championship 2019"]
[Site "Dublin IRL"]
[Date "2019.08.05"]
[Round "3.14"]
[White "Kennedy, John P. A."]
[Black "Mirza, Diana"]
[Result "1/2-1/2"]
[BlackTitle "WFM"]
[WhiteElo "2050"]
[BlackElo "1973"]
[WhiteICU "1981"]
[BlackICU "1986"]
[WhiteClub "Dublin"]
[BlackClub "St. Michaels"]
[WhiteNationality "IRL"]
[BlackNationality "IRL"]
[WhiteFideId "2501120"]
[BlackFideId "2503999"]
[PlyCount "39"]
[Venue "Talbot Hotel, Stillorgan"]
[EventDate "2019.08.03"]

{ Event information: <a
href="http://www.irlchess.com/pairings_irlch2019.html">Tournament
report</a>. }

1. Nf3 c5 2. e4 e6 3. d4 cxd4 4. Nxd4 Nc6 5. Nc3 Qc7 6. Be3 a6 7. f4 d6 8.
Qf3 Nf6 9. O-O-O Nxd4 10. Rxd4 Bd7 11. h3 Bc6 12. g4 d5 13. e5 Nd7 14. Bf2
Bc5 15. Rd2 Bb4 16. Bd4 Nc5 17. Rdh2 Na4 18. Nxa4 Bxa4 19. Bd3 Bc5 20. Qf2
1/2-1/2

[Event "Irish Championship 2019"]
[Site "Dublin IRL"]
[Date "2019.08.05"]
[Round "3.15"]
[White "Butler, Kevin C."]
[Black "O'Gorman, Alice"]
[Result "1-0"]
[WhiteElo "2048"]
[BlackElo "1966"]
[WhiteICU "1966"]
[BlackICU "1869"]
[WhiteClub "Phibsboro"]
[BlackClub "T.C.D."]
[WhiteNationality "IRL"]
[BlackNationality "IRL"]
[WhiteFideId "2501538"]
[BlackFideId "2508214"]
[PlyCount "114"]
[Venue "Talbot Hotel, Stillorgan"]
[EventDate "2019.08.03"]

{ Event information: <a
href="http://www.irlchess.com/pairings_irlch2019.html">Tournament
report</a>. }

1. e4 e5 2. Nf3 Nf6 3. Nxe5 d6 4. Nxf7 Kxf7 5. d4 c6 6. Nc3 Be6 7. Bd3 Nbd7
8. O-O Qb6 9. Be3 Qxb2 10. Qd2 Qa3 11. f4 Ke8 12. d5 Bf7 13. dxc6 bxc6 14.
e5 dxe5 15. fxe5 Nd5 16. e6 Bxe6 17. Nxd5 cxd5 18. Rae1 Bb4 19. Qe2 Bxe1
20. Rxe1 Nf8 21. Bd4 Qe7 22. Qh5+ Kd8 23. Qf3 Qf7 24. Qg3 Rg8 25. Bb5 Qc7
26. Qg5+ Qe7 27. Qe3 Rb8 28. c4 Qf7 29. Bxa7 Rxb5 30. cxb5 Qd7 31. Bb6+ Ke8
32. a4 g5 33. Bc5 Rg6 34. Qf3 Rg8 35. Qf6 Qf7 36. Qe5 Nd7 37. Qxe6+ Qxe6
38. Rxe6+ Kd8 39. Bd4 Kc7 40. a5 Rb8 41. b6+ Kd8 42. Rd6 Ke7 43. Rxd5 h6
44. Rb5 Kd6 45. a6 Kc6 46. a7 Kxb5 47. axb8=Q Nxb8 48. Be5 Nd7 49. b7 Kc5
50. b8=Q Nxb8 51. Bxb8 Kd5 52. Kf2 Ke4 53. g4 Kd5 54. Kf3 Ke6 55. Ke4 Kf6
56. Bc7 Ke6 57. Bd8 Kd7 1-0

[Event "Irish Championship 2019"]
[Site "Dublin IRL"]
[Date "2019.08.05"]
[Round "3.16"]
[White "Fox, Anthony"]
[Black "Haque, Mustakim-Ul"]
[Result "1/2-1/2"]
[WhiteElo "2020"]
[BlackElo "1947"]
[WhiteICU "1982"]
[BlackICU "1918"]
[WhiteClub "Dun Laoghaire"]
[BlackClub "Rathmines"]
[WhiteNationality "IRL"]
[BlackNationality "IRL"]
[WhiteFideId "2500736"]
[BlackFideId "2509334"]
[PlyCount "77"]
[Venue "Talbot Hotel, Stillorgan"]
[EventDate "2019.08.03"]

{ Event information: <a
href="http://www.irlchess.com/pairings_irlch2019.html">Tournament
report</a>. }

1. e4 c6 2. d4 d5 3. Nc3 dxe4 4. Nxe4 Bf5 5. Ng3 Bg6 6. h4 h6 7. Nf3 Nd7 8.
h5 Bh7 9. Bd3 Bxd3 10. Qxd3 e6 11. Bd2 Qc7 12. O-O-O Ngf6 13. Ne4 O-O-O 14.
g3 Nxe4 15. Qxe4 Bd6 16. c4 c5 17. Qe2 cxd4 18. Nxd4 a6 19. Bc3 Rhe8 20.
Kb1 Nf6 21. Nb3 Qc6 22. Rhe1 Bc7 23. Nd4 Qc5 24. g4 Qg5 25. f3 Rd7 26. Nb3
Red8 27. Rxd7 Rxd7 28. Rd1 Rxd1+ 29. Qxd1 Be5 30. Bxe5 Qxe5 31. Qd4 Nd7 32.
Kc2 Qxd4 33. Nxd4 Kc7 34. b4 Kd6 35. Kd3 Ke5 36. Ke3 Nb6 37. Kd3 Nd7 38. c5
Nf6 39. a3 1/2-1/2

[Event "Irish Championship 2019"]
[Site "Dublin IRL"]
[Date "2019.08.05"]
[Round "3.17"]
[White "Melaugh, Shane"]
[Black "Lyons, Brendan"]
[Result "1-0"]
[WhiteElo "2077"]
[BlackElo "1967"]
[WhiteICU "2108"]
[BlackICU "1898"]
[WhiteClub "Elm Mount"]
[BlackClub "St. Benildus"]
[WhiteNationality "IRL"]
[BlackNationality "IRL"]
[WhiteFideId "2509580"]
[BlackFideId "2500698"]
[PlyCount "47"]
[Venue "Talbot Hotel, Stillorgan"]
[EventDate "2019.08.03"]

{ Event information: <a
href="http://www.irlchess.com/pairings_irlch2019.html">Tournament
report</a>. }

1. c4 e5 2. Nc3 Nc6 3. Nf3 Nf6 4. e4 Bc5 5. Nxe5 Nxe5 6. d4 Bb4 7. dxe5
Nxe4 8. Qf3 Nxc3 9. bxc3 Ba5 10. Bf4 O-O 11. Be2 d6 12. exd6 Qf6 13. O-O
cxd6 14. Rac1 Re8 15. Rfd1 Bc7 16. c5 Qe7 17. Bb5 Rd8 18. Qg3 Qe6 19. cxd6
Bb6 20. c4 Bd7 21. Bxd7 Rxd7 22. c5 Ba5 23. Qa3 Bd8 24. Re1 1-0

[Event "Irish Championship 2019"]
[Site "Dublin IRL"]
[Date "2019.08.05"]
[Round "3.18"]
[White "Byrne, Alex"]
[Black "Cafolla, Peter"]
[Result "1-0"]
[WhiteElo "1963"]
[BlackElo "1975"]
[WhiteICU "1905"]
[BlackICU "1959"]
[WhiteClub "St. Benildus"]
[BlackClub "Rathmines"]
[WhiteNationality "IRL"]
[BlackNationality "IRL"]
[WhiteFideId "2508788"]
[BlackFideId "2500884"]
[PlyCount "57"]
[Venue "Talbot Hotel, Stillorgan"]
[EventDate "2019.08.03"]

{ Event information: <a
href="http://www.irlchess.com/pairings_irlch2019.html">Tournament
report</a>. }

1. e4 c5 2. a3 g6 3. b4 Bg7 4. Nc3 cxb4 5. axb4 Nc6 6. b5 Nd4 7. Nf3 e6 8.
Nxd4 Bxd4 9. Bb2 Qf6 10. Qe2 Ne7 11. Ra4 e5 12. g3 O-O 13. Bg2 d6 14. O-O
Bd7 15. Ra3 Rac8 16. Rb1 h5 17. d3 Rc7 18. Na4 Bxb5 19. Bxd4 Bxa4 20. Bxe5
dxe5 21. Rxa4 Rfc8 22. Rb2 Qg5 23. Qd1 Nc6 24. c3 b5 25. Ra1 b4 26. cxb4
Nd4 27. h4 Qe7 28. Bh3 Rc1 $4 (28... Rc2 $17) 29. Rxc1 1-0

[Event "Irish Championship 2019"]
[Site "Dublin IRL"]
[Date "2019.08.05"]
[Round "3.19"]
[White "Flynn, Jacob"]
[Black "Moran, Darragh"]
[Result "1/2-1/2"]
[WhiteElo "1973"]
[BlackElo "1847"]
[WhiteICU "2028"]
[BlackICU "1828"]
[WhiteClub "Malahide"]
[BlackClub "Gonzaga"]
[WhiteNationality "IRL"]
[BlackNationality "IRL"]
[WhiteFideId "2509393"]
[BlackFideId "2510294"]
[PlyCount "84"]
[Venue "Talbot Hotel, Stillorgan"]
[EventDate "2019.08.03"]

{ Event information: <a
href="http://www.irlchess.com/pairings_irlch2019.html">Tournament
report</a>. }

1. c4 e6 2. Nf3 Nf6 3. g3 d5 4. Bg2 Be7 5. O-O O-O 6. b3 c5 7. e3 b6 8. Bb2
Bb7 9. Nc3 Nbd7 10. cxd5 Nxd5 11. Nxd5 Bxd5 12. Qe2 Bf6 13. d4 cxd4 14.
Nxd4 Bxg2 15. Kxg2 Qc7 16. Rfd1 Qb7+ 17. e4 a6 18. f3 Rac8 19. Rd2 Bg5 20.
f4 Bf6 21. Qf3 Bxd4 22. Bxd4 e5 23. fxe5 Nc5 24. Bxc5 Rxc5 25. Qf4 Qe7 26.
e6 Qxe6 27. Rad1 g6 28. Rd6 Rc2+ 29. R1d2 Rxd2+ 30. Rxd2 Rc8 31. h4 Rc6 32.
Kh2 Qf6 33. Qxf6 Rxf6 34. Kg2 Re6 35. Rd8+ Kg7 36. Ra8 a5 37. Kf3 Rc6 38.
Rb8 h5 39. Kf4 Kf6 40. Rb7 Re6 41. a3 Rc6 42. b4 a4 1/2-1/2

[Event "Irish Championship 2019"]
[Site "Dublin IRL"]
[Date "2019.08.06"]
[Round "4.1"]
[White "Lopez, Alex"]
[Black "Kanyamarala, Tarun"]
[Result "1-0"]
[WhiteTitle "IM"]
[WhiteElo "2431"]
[BlackElo "2142"]
[WhiteICU "2444"]
[BlackICU "2110"]
[WhiteClub "Cork"]
[WhiteNationality "IRL"]
[BlackNationality "IRL"]
[WhiteFideId "2501430"]
[BlackFideId "45004714"]
[PlyCount "53"]
[Venue "Talbot Hotel, Stillorgan"]
[EventDate "2019.08.03"]

{ Event information: <a
href="http://www.irlchess.com/pairings_irlch2019.html">Tournament
report</a>. }

1. Nf3 d5 2. d4 Nf6 3. Bf4 e6 4. e3 Bd6 5. Bg3 O-O 6. Nbd2 b6 7. c3 c5 8.
Ne5 Qc7 9. Bd3 Bb7 10. O-O Nbd7 11. f4 Ne4 12. Nxe4 dxe4 13. Bb5 Nb8 14. f5
exf5 15. Rxf5 Nc6 16. Bc4 Bxe5 17. dxe5 Qe7 18. e6 Rad8 19. exf7+ Kh8 20.
Qh5 g6 21. Qh6 gxf5 22. Bh4 Rd6 23. Bxe7 Rxh6 24. Bxf8 Rf6 25. Rd1 Ne5 26.
Rd8 Nxf7 27. Be7+ 1-0

[Event "Irish Championship 2019"]
[Site "Dublin IRL"]
[Date "2019.08.06"]
[Round "4.2"]
[White "Collins, Sam"]
[Black "Brady, Stephen"]
[Result "1/2-1/2"]
[WhiteTitle "IM"]
[BlackTitle "FM"]
[WhiteElo "2448"]
[BlackElo "2282"]
[WhiteICU "2422"]
[BlackICU "2261"]
[WhiteClub "Gonzaga"]
[BlackClub "St. Benildus"]
[WhiteNationality "IRL"]
[BlackNationality "IRL"]
[WhiteFideId "2501198"]
[BlackFideId "2500124"]
[PlyCount "54"]
[Venue "Talbot Hotel, Stillorgan"]
[EventDate "2019.08.03"]

{ Event information: <a
href="http://www.irlchess.com/pairings_irlch2019.html">Tournament
report</a>. }

1. Nf3 Nf6 2. d4 e6 3. c4 b6 4. g3 Ba6 5. Qc2 Bb7 6. Bg2 c5 7. d5 exd5 8.
cxd5 Nxd5 9. O-O Be7 10. Rd1 Nc7 11. Nc3 Nc6 12. Qf5 Ne6 13. Ne5 Nxe5 14.
Bxb7 Rb8 15. Bd5 Bf6 16. Ne4 Qe7 17. e3 Rd8 18. a3 O-O 19. Bd2 Nc7 20. Bc3
Rfe8 21. Nxf6+ Qxf6 22. Qxf6 gxf6 23. Bg2 d5 24. Rd2 Nc4 25. Rd3 Ne5 26.
Rd2 Nc4 27. Rd3 Ne5 1/2-1/2

[Event "Irish Championship 2019"]
[Site "Dublin IRL"]
[Date "2019.08.06"]
[Round "4.3"]
[White "Moran, Stephen"]
[Black "Murphy, Conor E."]
[Result "1-0"]
[BlackTitle "FM"]
[WhiteElo "2186"]
[BlackElo "2315"]
[WhiteICU "2151"]
[BlackICU "2354"]
[WhiteClub "T.C.D."]
[BlackClub "Charlton ENG"]
[WhiteNationality "IRL"]
[BlackNationality "IRL"]
[WhiteFideId "2501872"]
[BlackFideId "421669"]
[PlyCount "147"]
[Venue "Talbot Hotel, Stillorgan"]
[EventDate "2019.08.03"]

{ Event information: <a
href="http://www.irlchess.com/pairings_irlch2019.html">Tournament
report</a>. }

1. d4 Nf6 2. Bg5 d5 3. Bxf6 gxf6 4. e3 c5 5. dxc5 Nc6 6. Nd2 e6 7. Ngf3
Bxc5 8. Be2 Rg8 9. O-O e5 10. Kh1 f5 11. Bb5 e4 12. Ne5 Qb6 13. c4 Bd6 14.
Nxc6 bxc6 15. Ba4 Ke7 16. Rc1 Ba6 17. Bb3 Rg6 18. Qh5 Rag8 19. Rg1 Qa5 20.
Rcd1 d4 21. Nxe4 Bxh2 22. Qxh2 fxe4 23. Rxd4 Qf5 24. Qh4+ Kf8 25. Rd8+ Kg7
26. Rxg8+ Kxg8 27. Rf1 Kg7 28. Kg1 c5 29. Bc2 Qf3 30. Bxe4 Rxg2+ 31. Kh1
Rg4+ 32. Bxf3 Rxh4+ 33. Kg2 Rxc4 34. Be2 Ra4 35. Bxa6 Rxa6 36. a3 c4 37.
Rc1 Rc6 38. f4 Rb6 39. Rc2 Rb3 40. Kf3 h5 41. Rxc4 Rxb2 42. Ra4 Rb6 43.
Rxa7 Rg6 44. Ra5 Kh6 45. a4 Rg1 46. Kf2 Ra1 47. Ra6+ Kg7 48. Kg3 Ra3 49.
Kh4 Rxe3 50. Kxh5 Re1 51. Kg5 Rg1+ 52. Kf5 Ra1 53. a5 Ra2 54. Ra8 Ra1 55.
Ke5 Re1+ 56. Kf5 Ra1 57. Ra7 Ra2 58. Ke5 Re2+ 59. Kd5 Rf2 $2 (59... Ra2 $10
) (59... Kg6 $10) 60. Rc7 $18 Rxf4 61. a6 Ra4 62. a7 Kg6 63. Kc6 f6 64. Kb6
Ra1 65. Rc8 Rxa7 66. Kxa7 Kf5 67. Kb6 Ke4 68. Re8+ Kd4 69. Rf8 Ke5 70. Kc5
f5 71. Kc4 Ke4 72. Kc3 f4 73. Kd2 Kf3 74. Ke1 1-0

[Event "Irish Championship 2019"]
[Site "Dublin IRL"]
[Date "2019.08.06"]
[Round "4.4"]
[White "O'Connor, Jonathan"]
[Black "O'Donnell, Conor"]
[Result "0-1"]
[BlackTitle "FM"]
[WhiteElo "2165"]
[BlackElo "2311"]
[WhiteICU "2099"]
[BlackICU "2298"]
[WhiteClub "Dublin"]
[BlackClub "Gonzaga"]
[WhiteNationality "IRL"]
[BlackNationality "IRL"]
[WhiteFideId "2501112"]
[BlackFideId "2504243"]
[PlyCount "64"]
[Venue "Talbot Hotel, Stillorgan"]
[EventDate "2019.08.03"]

{ Event information: <a
href="http://www.irlchess.com/pairings_irlch2019.html">Tournament
report</a>. }

1. e4 c5 2. Nf3 e6 3. d3 Nc6 4. g3 d5 5. Nbd2 Nf6 6. Bg2 Be7 7. O-O b6 8.
Re1 Bb7 9. e5 Nd7 10. h4 Qc7 11. Qe2 h6 12. Nf1 g5 13. hxg5 hxg5 14. N1h2
O-O-O 15. Ng4 Rh5 16. c3 Rdh8 17. a3 Qd8 18. b4 Qg8 19. b5 Na5 20. d4 Nb3
21. Be3 Nxa1 22. Rxa1 f5 23. exf6 Nxf6 24. Nxf6 Bxf6 25. g4 cxd4 26. Bxd4
R5h6 27. Ne5 Qh7 28. f3 Rh1+ 29. Bxh1 Qxh1+ 30. Kf2 Rh2+ 31. Kg3 Rg2+ 32.
Qxg2 Qh4# 0-1

[Event "Irish Championship 2019"]
[Site "Dublin IRL"]
[Date "2019.08.06"]
[Round "4.5"]
[White "Ryan, Joe"]
[Black "Baburin, Alexander"]
[Result "1/2-1/2"]
[WhiteTitle "FM"]
[BlackTitle "GM"]
[WhiteElo "2268"]
[BlackElo "2432"]
[WhiteICU "2281"]
[BlackICU "2396"]
[BlackClub "Kilkenny"]
[WhiteNationality "IRL"]
[BlackNationality "IRL"]
[WhiteFideId "2500426"]
[BlackFideId "2500914"]
[PlyCount "51"]
[Venue "Talbot Hotel, Stillorgan"]
[EventDate "2019.08.03"]

{ Event information: <a
href="http://www.irlchess.com/pairings_irlch2019.html">Tournament
report</a>. }

1. e4 Nf6 2. Nc3 d5 3. exd5 Nxd5 4. Bc4 Nxc3 5. Qf3 e6 6. Qxc3 Nc6 7. Nf3
Qf6 8. Qxf6 gxf6 9. d4 Bd7 10. Be3 O-O-O 11. O-O-O Ne7 12. Be2 Nf5 13. Bf4
Bc6 14. c3 h5 15. h4 Bh6 16. Bxh6 Nxh6 17. Rhf1 Ng4 18. Ne1 e5 19. dxe5
Rxd1+ 20. Bxd1 fxe5 21. Be2 f5 22. f4 Ne3 23. Rf2 e4 24. Kd2 Nd5 25. Nc2
Nf6 26. Ne3 1/2-1/2

[Event "Irish Championship 2019"]
[Site "Dublin IRL"]
[Date "2019.08.06"]
[Round "4.6"]
[White "Quinn, Mark"]
[Black "Kanyamarala, Trisha"]
[Result "0-1"]
[WhiteTitle "IM"]
[WhiteElo "2383"]
[BlackElo "2238"]
[WhiteICU "2318"]
[BlackICU "1990"]
[WhiteClub "Kilkenny"]
[WhiteNationality "IRL"]
[BlackNationality "IRL"]
[WhiteFideId "2500450"]
[BlackFideId "45004722"]
[PlyCount "172"]
[Venue "Talbot Hotel, Stillorgan"]
[EventDate "2019.08.03"]

{ Event information: <a
href="http://www.irlchess.com/pairings_irlch2019.html">Tournament
report</a>. }

1. g3 d5 2. Bg2 Nf6 3. d3 e6 4. Nd2 c5 5. Ngf3 Nc6 6. e4 Be7 7. O-O O-O 8.
Re1 Qc7 9. e5 Nd7 10. Qe2 b5 11. h4 a5 12. Nf1 b4 13. Bf4 Ba6 14. N1h2 c4
15. h5 b3 16. Ng4 bxc2 17. Nf6+ Kh8 18. Nxd5 exd5 19. e6 Qb6 20. dxc4 Bxc4
21. Qxc2 fxe6 22. b3 Ba6 23. h6 g6 24. Rac1 Nb4 25. Qc7 Qxc7 26. Rxc7 Bc8
27. Rxe6 Bd8 28. Rc1 Nd3 29. Rxc8 Rxc8 30. Bd6 N3c5 31. Re2 Bf6 32. Bxf8
Rxf8 33. Rd2 Nb6 34. Rc2 Ncd7 35. Bh3 Ne5 36. Ne1 d4 37. f4 Ned7 38. Nd3
Re8 39. Kf2 Kg8 40. Rc7 Nf8 41. Rc6 Nbd7 42. Rd6 Re7 43. Bg2 Kf7 44. Bd5+
Ke8 45. Ra6 Re3 46. Ne1 Bd8 47. Bc4 Nc5 48. Bb5+ Ke7 49. Ra7+ Kf6 50. Nf3
Bb6 51. Ra8 Ne4+ 52. Kg2 Ne6 53. Ra6 Bc7 54. Nxd4 Nc5 55. Rc6 Ke7 56. Nxe6
Nxe6 57. Bc4 Bd6 58. Ra6 Nc7 59. Rxa5 Kd7 60. Bg8 Re7 61. Kf3 Ne8 62. Bc4
Nf6 63. Bd3 Bc7 64. Ra8 Bb6 65. Bb5+ Kd6 66. Rf8 Re3+ 67. Kg2 Ne4 68. Rf7
Rxg3+ 69. Kf1 Rg1+ 70. Ke2 Nc3+ 71. Kd3 Nxb5 72. Rxh7 Kd5 73. Rd7+ Nd6 74.
h7 Rg3+ 75. Ke2 Rh3 76. Rg7 Bd4 77. Rxg6 Rxh7 78. Kf3 Ra7 79. Rg5+ Ke6 80.
f5+ Ke5 81. f6+ Kxf6 82. Rd5 Be5 83. Rd2 Ke6 84. Ke3 Rf7 85. Rg2 Rc7 86.
Rg6+ Kd5 0-1

[Event "Irish Championship 2019"]
[Site "Dublin IRL"]
[Date "2019.08.06"]
[Round "4.7"]
[White "Fitzsimons, David"]
[Black "Wallace, Paul"]
[Result "1-0"]
[WhiteTitle "IM"]
[WhiteElo "2317"]
[BlackElo "2171"]
[WhiteICU "2348"]
[BlackICU "2159"]
[WhiteClub "Elm Mount"]
[BlackClub "Kilkenny"]
[WhiteNationality "IRL"]
[BlackNationality "IRL"]
[WhiteFideId "2501961"]
[BlackFideId "2500892"]
[PlyCount "59"]
[Venue "Talbot Hotel, Stillorgan"]
[EventDate "2019.08.03"]

{ Event information: <a
href="http://www.irlchess.com/pairings_irlch2019.html">Tournament
report</a>. }

1. e4 e5 2. Nf3 Nc6 3. d4 exd4 4. Nxd4 Bc5 5. Nb3 Bb6 6. Qe2 Nge7 7. Nc3
O-O 8. Be3 f5 9. f4 fxe4 10. O-O-O d5 11. g3 Bxe3+ 12. Qxe3 Bg4 13. Be2
Bxe2 14. Qxe2 Qd7 15. Nxe4 Qf5 16. Nec5 Rfe8 17. Nxb7 Rab8 18. N7c5 a5 19.
Rhe1 a4 20. Nxa4 Ra8 21. Nc3 Kf7 22. a3 Rad8 23. Qb5 Rd6 24. Qc5 Red8 25.
Nb5 Rh6 26. N3d4 Qd7 27. h4 Rg6 28. Re3 Nxd4 29. Nxd4 c6 30. Nf3 1-0

[Event "Irish Championship 2019"]
[Site "Dublin IRL"]
[Date "2019.08.06"]
[Round "4.8"]
[White "Delaney, Killian"]
[Black "Harding, Tim"]
[Result "1-0"]
[BlackTitle "CM"]
[WhiteElo "2247"]
[BlackElo "2028"]
[WhiteICU "2214"]
[BlackICU "1973"]
[WhiteClub "Gonzaga"]
[BlackClub "T.C.D."]
[WhiteNationality "IRL"]
[BlackNationality "IRL"]
[WhiteFideId "2501570"]
[BlackFideId "2500256"]
[PlyCount "41"]
[Venue "Talbot Hotel, Stillorgan"]
[EventDate "2019.08.03"]

{ Event information: <a
href="http://www.irlchess.com/pairings_irlch2019.html">Tournament
report</a>. }

1. c4 Nf6 2. Nc3 e6 3. Nf3 d5 4. e3 c5 5. cxd5 Nxd5 6. Nxd5 Qxd5 7. b3 Be7
8. Bb2 O-O 9. Bc4 Qf5 10. Qe2 Nc6 11. g4 Qc2 12. Bc3 Nb4 13. a3 b5 14. Bxb5
Nd5 15. Be5 Qxb3 16. O-O a6 17. Rfb1 Qc2 18. Bc6 Ra7 19. e4 Nb4 20. axb4
cxb4 21. Rc1 1-0

[Event "Irish Championship 2019"]
[Site "Dublin IRL"]
[Date "2019.08.06"]
[Round "4.9"]
[White "Murphy, Sean J."]
[Black "Daly, Colm"]
[Result "1/2-1/2"]
[BlackTitle "FM"]
[WhiteElo "1875"]
[BlackElo "2213"]
[WhiteICU "1939"]
[BlackICU "2194"]
[WhiteClub "Cork"]
[BlackClub "Bray/Greystones"]
[WhiteNationality "IRL"]
[BlackNationality "IRL"]
[WhiteFideId "2512742"]
[BlackFideId "2500434"]
[PlyCount "54"]
[Venue "Talbot Hotel, Stillorgan"]
[EventDate "2019.08.03"]
[WhiteFullName "Murphy, Se&aacute;n J."]

{ Event information: <a
href="http://www.irlchess.com/pairings_irlch2019.html">Tournament
report</a>. }

1. d4 Nf6 2. c4 e6 3. Nc3 Bb4 4. Qc2 c5 5. dxc5 Na6 6. a3 Bxc3+ 7. Qxc3
Nxc5 8. b4 Nce4 9. Qb2 O-O 10. f3 Nd6 11. e4 Nfe8 12. c5 Nxe4 13. fxe4 Qh4+
14. Qf2 Qxe4+ 15. Qe2 Qd5 16. Bb2 a5 17. Qd3 Qc6 18. Nf3 axb4 19. axb4
Rxa1+ 20. Bxa1 b6 21. Qd4 bxc5 22. bxc5 d6 23. cxd6 f6 24. Be2 Nxd6 25. O-O
e5 26. Qe3 Bb7 27. Rc1 Qa4 1/2-1/2

[Event "Irish Championship 2019"]
[Site "Dublin IRL"]
[Date "2019.08.06"]
[Round "4.10"]
[White "Murray, David"]
[Black "Haque, Muhtarim-Ul"]
[Result "1-0"]
[WhiteElo "2126"]
[BlackElo "2036"]
[WhiteICU "2121"]
[BlackICU "2031"]
[WhiteClub "Gonzaga"]
[BlackClub "Rathmines"]
[WhiteNationality "IRL"]
[BlackNationality "IRL"]
[WhiteFideId "2501511"]
[BlackFideId "2509415"]
[PlyCount "75"]
[Venue "Talbot Hotel, Stillorgan"]
[EventDate "2019.08.03"]

{ Event information: <a
href="http://www.irlchess.com/pairings_irlch2019.html">Tournament
report</a>. }

1. d4 Nf6 2. c4 d6 3. Nc3 Nbd7 4. e4 e5 5. Nge2 c6 6. g3 Be7 7. Bg2 h5 8.
h3 a5 9. O-O Rb8 10. Be3 exd4 11. Nxd4 Ne5 12. Qe2 h4 13. f4 Nh5 14. fxe5
Nxg3 15. Qf2 Nxf1 16. Rxf1 O-O 17. Nf5 Bxf5 18. exf5 dxe5 19. Rd1 Qc8 20.
Bb6 Bd8 21. Bc5 Re8 22. Ne4 b6 23. Be3 Qa6 24. f6 Bxf6 25. Nxf6+ gxf6 26.
Qxh4 Re6 27. Be4 Qa7 28. Bh6 b5+ 29. Kh1 f5 30. Bxf5 Rg6 31. Bxg6 fxg6 32.
Rd6 Qf7 33. Rf6 Qxc4 34. Rxg6+ Kh7 35. Rg4 Qf1+ 36. Kh2 Qe2+ 37. Rg2 Qc4
38. Bf4# 1-0

[Event "Irish Championship 2019"]
[Site "Dublin IRL"]
[Date "2019.08.06"]
[Round "4.11"]
[White "Melaugh, Gavin"]
[Black "Butler, Kevin C."]
[Result "1-0"]
[WhiteElo "2025"]
[BlackElo "2048"]
[WhiteICU "2102"]
[BlackICU "1966"]
[WhiteClub "T.C.D."]
[BlackClub "Phibsboro"]
[WhiteNationality "IRL"]
[BlackNationality "IRL"]
[WhiteFideId "2509571"]
[BlackFideId "2501538"]
[PlyCount "55"]
[Venue "Talbot Hotel, Stillorgan"]
[EventDate "2019.08.03"]

{ Event information: <a
href="http://www.irlchess.com/pairings_irlch2019.html">Tournament
report</a>. }

1. e4 d5 2. exd5 Qxd5 3. Nc3 Qd6 4. d4 Nf6 5. Nf3 a6 6. h3 Nc6 7. Bc4 Bf5
8. Be3 e6 9. Qe2 Nb4 10. Bb3 Be7 11. O-O O-O 12. Nh4 Be4 13. Nxe4 Nxe4 14.
Nf3 c6 15. c4 a5 16. a3 Na6 17. Bc2 Nf6 18. Rad1 b5 19. c5 Qc7 20. Ne5 Nxc5
21. Bf4 Qb6 22. dxc5 Qxc5 23. Rc1 Kh8 24. Bb1 Qd4 25. Bh2 Nd5 26. Nxc6 Qf6
27. Qh5 h6 28. Nxe7 1-0